01570nam a2200373 a 4500001001200000003000800012006001900020007001500039008004100054020001800095020002600113020002500139020002500164020002600189040002100215035002100236050002800257082001500285245010400300260005600404300003600460504007900496533015200575588009700727650003300824650004500857650002800902655002900930700002100959710001700980710005600997856012601053999001701179ebr10674793CaPaEBRm o u cr cn|||||||||150303s2013 enk sbi 001 0 eng d z9781118292068 z9781118291818 (emobi) z9781118291825 (epdf) z9781118291832 (epub) z9781118292365 (obook) aCaPaEBRcCaPaEBR a(OCoLC)84772905814aNA2543.T43b.A69 2013eb04a720.7222300aArchitectural technologyh[electronic resource] :bresearch & practice /cedited by Stephen Emmitt. aChichester, West Sussex :bWiley Blackwell,cc2013. a1 online resource (xvi, 249 p.) aIncludes bibliographical references at the end of each chapters and index. aElectronic reproduction.bPalo Alto, Calif. :cebrary,d2015.nAvailable via World Wide Web.nAccess may be limited to ebrary affiliated libraries. aDescription based on online resource; title from title page (ebrary, viewed April 13, 2013). 0aArchitecture and technology. 0aArchitecturexTechnological innovations. 0aArchitecturexResearch. 7aElectronic books.2local1 aEmmitt, Stephen.2 aebrary, Inc.2 aChartered Institute of Architectural Technologists.40uhttp://site.ebrary.com/lib/rucke/Doc?id=10674793zAn electronic book accessible through the World Wide Web; click to view c57248d57248